It looks like you're offline.
Open Library logo
additional options menu

MARC Record from Scriblio

Record ID marc_records_scriblio_net/part20.dat:16098504:636
Source Scriblio
Download Link /show-records/marc_records_scriblio_net/part20.dat:16098504:636?format=raw

LEADER: 00636pam 2200217 a 4500
001 88026207
003 DLC
005 20040623142616.0
008 880810s1989 caua b 001 0 eng
010 $a 88026207
020 $a0534087604
040 $aDLC$cDLC$dDLC
050 00 $aBF121$b.W38 1989
082 00 $a150$219
100 1 $aWeiten, Wayne,$d1950-
245 10 $aPsychology :$bthemes and variations /$cWayne Weiten.
260 $aPacific Grove, Calif. :$bBrooks/Cole,$cc1989.
300 $axxxvi, 697 p. :$bill. (some col.) ;$c29 cm.
504 $aBibliography: p. 655-677.
500 $aIncludes indexes.
650 0 $aPsychology$vTextbooks.